000 00386nam a2200145Ia 4500
008 220216s9999 xx 000 0 und d
100 _aCherian P P
245 0 _aConstruction and working of a pilot smoke house for small estates
260 _bRubber Board Bulletin
_c1965
300 _a100-104
650 _aRubber
650 _aSmall holders
650 _aSmoke house
942 _cJS
999 _c56202
_d56202